00490nam a22001577a 450000500170000000800410001702000180005804100120007608200150008810000260010324500740012925000190020326000480022230000360027065000260030620240201142853.0240201b |||||||| |||| 00| 0 eng d a9780702185908 aEnglish a347.7 MOS  aMostert, H lEnglish  aMineral Law : bPrinciples and Policies in Perspective / cH Mostert  aFirst Edition  aCape Town : bJuta and Company Ltd, c2012  bxxviii, 181 pages ; c25,5 cm.  aLegal practice bLaw